00711nam a2200241 a 4500001001300000003000900013005001700022008004100039020002300080082001700103100002100120245004600141260003700187300000900224500003500233505001000268650002000278700002100298902000800319942000700327952011800334999001700452nice12345678IN_TiNIC20260116014146.0050524s1987 dela grp 000 0 eng  a8170999 c15000a335.454bSIN aSingh, Chandrika aCommunist and Socialist Movement in India aDelhibMittal Publication c1987 a231p aincludes index and biblioraphy2 aIndex aCommunism-India1 aSingh, Chandrika bSRS cBK 001040708StackRoom-aHMIbHMId2007-05-01g150.00l0o335.454 SINp020430r2007-05-01v150.00w2005-05-24yBK c14130d14130